000 01016nam a22002897a 4500
001 8331
003 FISKH
005 20250909135041.0
008 250909b cb ||||| |||| 00| 0 eng d
020 _a9781618103185
040 _aFISKH
_beng
_cFISKH
_dFISKH
050 _aPZ7.H67
082 _a823
100 _aHord, Colleen
245 _aWho's Mr. Goldfluss? /
_cBy Colleen Hord ; Illustrated by Helen Poole
250 _aThis edition first published in 2013
260 _aShenzhen :
_bRourke,
_c2013
300 _a24 pages :
_bcolor illustrations ;
_c21 cm
505 _aJ
520 _aWhen the children on the bus get a substitute driver who they think has too many rules, they quickly learn that following rules isn't a bad idea as they get caught in a storm and Mr. Goldfluss keeps them safe until the storm passes.
521 8 _a430
_bLexile
521 8 _aJ
_bRaz-Plus
650 _2Grade 2
_aPicture book
700 _aPoole, Helen
_dillustrator
942 _2ddc
_cBK
_n0
999 _c8331
_d8331